=LDR 00000nam 2200000 4500 =001 INLIS000000000002189 =005 20130612090539 =008 ***********************************Ind** =035 ##$$0010-061300000002189 =041 ##$$a Ind =082 ##$$a 959.8 =090 ##$$a 959.8, Bud m =100 ##$$a Budianto,Eka =245 ##$$a Mempertimbangkan Republik, oleh Eka Budianto =250 ##$$a Entri Pemikiran Pembangunan =260 ##$$a 1993 $b Jakarta =300 ##$$a xiii, 194 hlm, 18 cm =650 ##$$a Indonesia =700 ##$$a Kurnia, Hikmat =850 ##$$a NBPNMAT